000 00304nam a2200121 a 4500
005 20140414131916.0
008 101019s19uu xx 00 eng d
050 _aER
_bC18 2005
245 _aCarebears :
_bWish upon a star.
260 _aNew York :
_bScholastic ,
_c2005.
440 _a
999 _c111484
_d111484